GUESS THE DISNEY PRINCESS BY PICTURE - Statistics

General Stats
  • This quiz has been taken 1,102 times
  • The average score is 9 of 10
Answer Stats
Picture Answer % Correct
jasmine
97%
snow white
97%
ariel
94%
belle
88%
mulan
88%
rapunzel
88%
aurora
86%
pocahontas
84%
cinderella
75%
merida
73%
No matching quizzes found
Score Distribution
Percent of People with Each Score
Percentile by Number Answered
Your Score History
You have not taken this quiz